| 000 | 01031nam a2200241Ia 4500 | ||
|---|---|---|---|
| 999 |
_c40569 _d40569 |
||
| 001 | 7194 | ||
| 003 | GE_BSU | ||
| 005 | 20231020123259.0 | ||
| 008 | 181216s2007||||ge |||||||||||||| ||geo|| | ||
| 010 | _a9994066145. | ||
| 040 | _cGE_BSU | ||
| 041 | _ageo | ||
| 080 | _a821-133.1-32 ი-53 | ||
| 100 |
_aინანიშვილი, რევაზ _918450 |
||
| 245 |
_aმოთხრობები : _bტ.1 / _cრევაზ ინანიშვილი ; რედ. ნათელა თუხარელი ; მხატვ. ბადრი გაგნიძე. |
||
| 264 |
_aთბილისი : _bსაქართველოს მაცნე, _c2007. |
||
| 300 |
_a499 გვ. : _b1ფურც.პორტ.ილ. ; _c20 სმ. |
||
| 541 | _h8ლ. | ||
| 653 | _aმოთხრობები | ||
| 700 |
_aთუხარელი, ნათელა _eრედაქტორი _920164 |
||
| 700 |
_aგაგნიძე, ბადრი _eმხატვარი _91340 |
||
| 942 |
_cBK _2udc |
||